50 najbardziej zaludnionych miast na Świecie - Statystyki

Ogólne statystyki
  • Ten quiz został rozwiązany 147 razy
  • Średni wynik to 21 z 50
Statystyki odpowiedzi
# Miasto Kraj Liczba ludności % Poprawnych
1 Tokio Japonia 37.4 mln
97%
9 Pekin Chiny 20.0 mln
88%
6 Kair Egipt 20.4 mln
86%
5 Meksyk Meksyk 21.6 mln
82%
2 Nowe Delhi Indie 29.3 mln
82%
35 Londyn Wielka Brytania 9.5 mln
80%
25 Moskwa Rosja 12.6 mln
80%
28 Paryż Francja 11.1 mln
78%
21 Rio De Janeiro Brazylia 13.6 mln
78%
13 Stambuł Turcja 15.6 mln
78%
41 Nowy Jork Stany Zjednoczone 8.9 mln
77%
3 Szanghaj Chiny 26.3 mln
74%
16 Buenos Aires Argentyna 15.3 mln
70%
4 Sao Paulo Brazylia 21.8 mln
70%
33 Seul Korea Południowa 9.9 mln
68%
10 Osaka Japonia 19.2 mln
59%
18 Manila Filipiny 14.4 mln
58%
31 Bangkok Tajlandia 10.8 mln
57%
8 Mumbaj Indie 20.1 mln
56%
29 Dżakarta Indonezja 11.0 mln
55%
7 Dhaka Bangladesz 20.2 mln
53%
30 Lima Peru 11.0 mln
53%
38 Teheran Iran 9.3 mln
52%
27 Bogota Kolumbia 11.3 mln
51%
50 Rijad Arabia Saudyjska 7.5 mln
47%
49 Hong Kong Chiny 7.6 mln
46%
45 Kuala Lumpur Malezja 8.4 mln
46%
15 Lagos Nigeria 15.3 mln
46%
17 Kalkuta Indie 15.1 mln
38%
14 Kinszasa Demokratyczna Republika Konga 15.6 mln
34%
42 Wuhan Chiny 8.5 mln
33%
12 Karaczi Pakistan 16.6 mln
28%
40 Luanda Angola 8.9 mln
25%
39 Ho Chi Minh Wietnam 9.0 mln
18%
34 Nagoja Japonia 9.5 mln
18%
11 Chongqing Chiny 16.8 mln
11%
43 Xi An Shaanxi Chiny 8.5 mln
11%
37 Nankin Chiny 9.4 mln
9%
19 Tiencin Chiny 14.0 mln
9%
23 Bengaluru Indie 13.1 mln
8%
26 Ćennaj Indie 11.5 mln
8%
36 Chengdu Chiny 9.4 mln
6%
22 Lahore Pakistan 13.5 mln
6%
24 Shenzhen Chiny 12.8 mln
4%
20 Guangzhou Chiny 13.9 mln
3%
47 Surat Indie 7.7 mln
2%
44 Ahmedabad Indie 8.4 mln
1%
46 Hangzhou Chiny 8.0 mln
1%
32 Hyderabad Indie 10.5 mln
1%
48 Suzhou Chiny 7.7 mln
0%
Nie znaleziono quizów pasujących do podanych kryteriów
Rozkład punktacji
Procent ludzi z każdym wynikiem
Percentyl według liczby udzielonych odpowiedzi
Twoja historia wyników
Nie rozwiązałeś tego quizu